Statistics for Wappen Liga 3 2022/23

Click here to take the quiz!

General Stats

  • This quiz has been taken 42 times
  • The average score is 18 of 20

Answer Stats

Answer% Correct
Borussia Dortmund II
97%
TSV 1860 München
97%
SC Freiburg II
95%
SG Dynamo Dresden
95%
VfL Osnabrück
95%
1. FC Saarbrücken
92%
FC Erzgebirge Aue
92%
FC Ingolstadt
92%
FC Viktoria Köln
92%
FSV Zwickau
92%
Hallescher FC
89%
Rot-Weiss Essen
89%
SC Verl
89%
SpVgg Bayreuth
89%
SV Waldhof Mannheim
89%
SV Meppen
86%
SV Wehen Wiesbaden
86%
VfB Oldenburg
86%
MSV Duisburg
81%
SV 07 Elversberg
81%

Score Distribution

Percentile by Number Answered

Percent of People with Each Score

Your Score History

You have not taken this quiz